<?xml version="1.0" encoding="UTF-8"?>
<record
    xmlns:xsi="http://www.w3.org/2001/XMLSchema-instance"
    xsi:schemaLocation="http://www.loc.gov/MARC21/slim http://www.loc.gov/standards/marcxml/schema/MARC21slim.xsd"
    xmlns="http://www.loc.gov/MARC21/slim">

  <leader>00785nam a2200229Ia 4500</leader>
  <controlfield tag="003">SISC</controlfield>
  <controlfield tag="005">20181027092012.0</controlfield>
  <controlfield tag="008">181023s9999    xx            000 0 und d</controlfield>
  <datafield tag="020" ind1=" " ind2=" ">
    <subfield code="a">9789719808091</subfield>
  </datafield>
  <datafield tag="050" ind1=" " ind2=" ">
    <subfield code="a">PN 3377.5</subfield>
    <subfield code="b">.Ag283 2017</subfield>
  </datafield>
  <datafield tag="100" ind1=" " ind2=" ">
    <subfield code="a">Aguila, Augusto Antonio A.</subfield>
  </datafield>
  <datafield tag="245" ind1=" " ind2=" ">
    <subfield code="a">Telling the truth:</subfield>
    <subfield code="b">the art of creative nonfiction for senior high school/</subfield>
    <subfield code="c">Augusto Antonio A. Aguila, Ralph Semino Galan, John Jack Wigley</subfield>
  </datafield>
  <datafield tag="260" ind1=" " ind2=" ">
    <subfield code="a">Quezon City:</subfield>
    <subfield code="b">C and E Publishing, Inc.</subfield>
    <subfield code="c">2017</subfield>
  </datafield>
  <datafield tag="300" ind1=" " ind2=" ">
    <subfield code="a">vii, 196 pages :</subfield>
    <subfield code="c">25 cm.</subfield>
  </datafield>
  <datafield tag="500" ind1=" " ind2=" ">
    <subfield code="a">Includes bibliographical reference and index.</subfield>
  </datafield>
  <datafield tag="650" ind1=" " ind2=" ">
    <subfield code="a">Creative writing</subfield>
  </datafield>
  <datafield tag="650" ind1=" " ind2=" ">
    <subfield code="a">English language -- Rhetoric</subfield>
  </datafield>
  <datafield tag="700" ind1=" " ind2=" ">
    <subfield code="a">Galan, Ralph Semino</subfield>
  </datafield>
  <datafield tag="700" ind1=" " ind2=" ">
    <subfield code="a">Wigley, John Jack G.</subfield>
  </datafield>
  <datafield tag="942" ind1=" " ind2=" ">
    <subfield code="2">lcc</subfield>
    <subfield code="c">BK</subfield>
  </datafield>
  <datafield tag="999" ind1=" " ind2=" ">
    <subfield code="c">359405</subfield>
    <subfield code="d">359405</subfield>
  </datafield>
  <datafield tag="952" ind1=" " ind2=" ">
    <subfield code="0">0</subfield>
    <subfield code="1">0</subfield>
    <subfield code="2">lcc</subfield>
    <subfield code="4">0</subfield>
    <subfield code="a">LUX</subfield>
    <subfield code="b">LUX</subfield>
    <subfield code="c">TR</subfield>
    <subfield code="d">2018-10-23</subfield>
    <subfield code="e">DONATION</subfield>
    <subfield code="l">5</subfield>
    <subfield code="m">8</subfield>
    <subfield code="o">PN 3377.5 .Ag283 2017</subfield>
    <subfield code="p">20648</subfield>
    <subfield code="r">2020-02-07 00:00:00</subfield>
    <subfield code="s">2020-01-10</subfield>
    <subfield code="w">2018-10-23</subfield>
    <subfield code="y">BK</subfield>
  </datafield>
</record>
